[Event "Hessen-ch op-B"]
[Site "Frankfurt Sossenheim"]
[Date "2015.??.??"]
[Round "1"]
[White "Mauersberger, Uwe"]
[Black "Reichel, Rolf"]
[Result "1-0"]
[WhiteElo "1486"]
[BlackElo "1816"]
[PlyCount "95"]
[EventDate "2015.05.13"]
[EventType "swiss"]
[EventRounds "7"]
[EventCountry "GER"]
[SourceTitle "EXT 2016"]
[Source "ChessBase"]
[SourceDate "2015.10.08"]
[SourceVersion "1"]
[SourceVersionDate "2015.10.08"]
[SourceQuality "1"]

1. e4 c5 2. Nf3 Nc6 3. d4 cxd4 4. Nxd4 d6 5. c4 e6 6. Nc3 a6 7. Be3 Nf6 8. Be2 Be7 9. Qd2 Qc7 10. 0-0 0-0 11. f3 Bd7 12. Rfe1 Rac8 13. Rac1 Rfd8 14. Bf1 Nxd4 15. Bxd4 Bc6 16. Qf2 Qb8 17. Ba7 Qa8 18. Bb6 Re8 19. Red1 Nd7 20. Be3 Ne5 21. Qg3 Ng6 22. Rd2 Rcd8 23. Rcd1 Qb8 24. Bb6 Rd7 25. c5 e5 26. Bc4 Nf4 27. Qg4 Bf8 28. b4 Ne6 29. a4 Nd4 30. b5 axb5 31. axb5 Qc8 32. bxc6 Qxc6 33. Rxd4 exd4 34. Bb5 h5 35. Qxd7 Qxd7 36. Bxd7 Re7 37. Rxd4 Rxd7 38. e5 g6 39. Ne4 Bg7 40. Nf6+ Bxf6 41. exf6 d5 42. g4 Kh7 43. g5 Kg8 44. Kf2 Kf8 45. Kg3 Kg8 46. Kf4 Kf8 47. Ke5 Kg8 48. Rxd5 1-0

[Event "Eschborn op 11th"]
[Site "Eschborn"]
[Date "2014.09.05"]
[Round "1"]
[White "Mauersberger, Uwe"]
[Black "Gutacker, Stephan"]
[Result "1-0"]
[WhiteElo "1392"]
[BlackElo "1813"]
[PlyCount "26"]
[EventDate "2014.09.05"]
[EventType "swiss"]
[EventRounds "5"]
[EventCountry "GER"]
[SourceTitle "EXT 2015"]
[Source "ChessBase"]
[SourceDate "2014.11.20"]
[SourceVersion "1"]
[SourceVersionDate "2014.11.20"]
[SourceQuality "1"]

1. e4 e5 2. Nf3 Nc6 3. Bb5 a6 4. Ba4 Nf6 5. 0-0 b5 6. Bb3 Bc5 7. Nxe5 Nxe5 8. d4 Bd6 9. dxe5 Bxe5 10. f4 Bd6 11. e5 Bc5+ 12. Kh1 Ng8 13. Qd5 Qe7 1-0